Top 100 Walking Dead Characters (TV Show) - Statistics

General Stats
  • This quiz has been taken 290 times
  • The average score is 51 of 100
Answer Stats
Answer % Correct
Rick Grimes
100%
Carl Grimes
98%
Shane Walsh
96%
Daryl Dixon
95%
Lori Grimes
95%
Glenn Rhee
93%
Maggie Rhee
93%
Negan
92%
Carol Peletier
90%
Judith Grimes
89%
Andrea
88%
Hershel Greene
88%
Michonne
87%
Beth Greene
86%
Merle Dixon
85%
Abraham Ford
83%
Rosita Espinosa
79%
Dale Horvath
78%
Morgan Jones
77%
Eugene Porter
76%
Sasha Williams
76%
T. Dog
76%
Tara Chambler
74%
Sophia Peletier
72%
The Governor
72%
Jesus
70%
Tyreese Williams
69%
Alpha
68%
Aaron
67%
Amy
67%
Ezekiel
67%
Beta
66%
Gabriel Stokes
66%
Simon
62%
Enid
61%
Bob Stookey
59%
Jim
59%
Dwight
58%
Duane Jones
55%
Otis
54%
Sam Anderson
52%
Jacqui
50%
Pamela Milton
50%
Ron Anderson
50%
Noah
49%
Jerry
48%
Jessie Anderson
48%
Morales
48%
Deanna Monroe
47%
Spencer Monroe
47%
Gregory
46%
Henry
45%
Sebastian Milton
45%
Lydia
44%
Axel
42%
Edwin Jenner
42%
Gareth
42%
Pete Anderson
42%
Lizzie Samuels
41%
Milton Mammet
41%
Eric
40%
Connie
39%
Magna
39%
Yumiko
39%
Gamma
38%
Jadis
38%
Princess
38%
Shiva
37%
Denise Cloyd
36%
Luke
36%
Mika Samuels
36%
Olivia
36%
Oscar
36%
Alden
35%
Martinez
35%
Kelly
33%
Max Mercer
33%
Michael Mercer
33%
Dog
31%
Sherry
31%
Leah
30%
Siddiq
30%
Nicholas
29%
Heath
27%
Cyndie
24%
Tobin
23%
Dianne
22%
Laura
22%
Lucille
22%
Lance Hornsby
20%
Earl Sutton
19%
Tammy Rose
19%
Eastman
18%
Richard
18%
Dante
16%
Nabila
16%
Virgil
15%
Elijah
13%
Tomichi
11%
Dawn Lerner
9%
No matching quizzes found
Score Distribution
Percent of People with Each Score
Percentile by Number Answered
Your Score History
You have not taken this quiz